[Event "15. Obert Internacional Pobla de Lillet"]
[Site "Pobla de Lillet ESP"]
[Date "2005.08.10"]
[Round "9.5"]
[White "Hebden, Mark"]
[Black "Basas Gamazo, Josep"]
[Result "1-0"]
[WhiteElo "2510"]
[BlackElo "2062"]
[PlyCount "37"]
[EventDate "2005.08.02"]
[EventType "swiss"]
[EventRounds "9"]
[EventCountry "ESP"]
[SourceTitle "Ajedrez en Madrid"]
[Source "lmi"]
[SourceDate "2005.08.11"]
[SourceVersion "1"]
[SourceVersionDate "2020.06.30"]
[SourceQuality "1"]

1. d4 Nf6 2. Nf3 g6 3. Nc3 Bg7 4. e4 d6 5. Be3 O-O 6. Qd2 Ng4 7. Bg5 h6 8. Bh4
g5 9. Bg3 e5 10. dxe5 Nxe5 11. h4 Nxf3+ 12. gxf3 Nc6 13. hxg5 hxg5 14. O-O-O
Ne5 15. f4 Nf3 16. Qe3 gxf4 17. Bxf4 Ne5 18. Bxe5 Bxe5 19. Qh6 1-0

[Event "15. Obert Internacional Pobla de Lillet"]
[Site "Pobla de Lillet ESP"]
[Date "2005.08.10"]
[Round "9.6"]
[White "Ruiz Manchon, Francesc Xavier"]
[Black "Pogorelov, Ruslan"]
[Result "0-1"]
[WhiteElo "2101"]
[BlackElo "2442"]
[PlyCount "68"]
[EventDate "2005.08.02"]
[EventType "swiss"]
[EventRounds "9"]
[EventCountry "ESP"]
[SourceTitle "Ajedrez en Madrid"]
[Source "lmi"]
[SourceDate "2005.08.11"]
[SourceVersion "1"]
[SourceVersionDate "2020.06.30"]
[SourceQuality "1"]

1. e4 c5 2. Nf3 Nc6 3. c3 d5 4. exd5 Qxd5 5. d4 e6 6. Be3 cxd4 7. cxd4 Nf6 8.
a3 Be7 9. Nc3 Qd6 10. Bd3 O-O 11. Qc2 Rd8 12. O-O h6 13. Rad1 Bd7 14. Rfe1 Rac8
15. Qe2 Be8 16. Bb1 Bf8 17. Bc1 Ne7 18. Ne5 Ned5 19. Ne4 Nxe4 20. Qxe4 g6 21.
Rd3 Bg7 22. Red1 Rc7 23. Rh3 Nf6 24. Qe2 g5 25. f4 Rxc1 26. Rxc1 Qxd4+ 27. Kh1
Qxf4 28. Rf1 Qd2 29. Qxd2 Rxd2 30. Nc4 Rd4 31. b3 Ng4 32. Rd3 Rxd3 33. Bxd3 Bd4
34. h3 Nf2+ 0-1

[Event "15. Obert Internacional Pobla de Lillet"]
[Site "Pobla de Lillet ESP"]
[Date "2005.08.10"]
[Round "9.7"]
[White "Camacho Collados, Jose"]
[Black "Granero Roca, Antonio"]
[Result "0-1"]
[WhiteElo "2236"]
[BlackElo "2342"]
[PlyCount "92"]
[EventDate "2005.08.02"]
[EventType "swiss"]
[EventRounds "9"]
[EventCountry "ESP"]
[SourceTitle "Ajedrez en Madrid"]
[Source "lmi"]
[SourceDate "2005.08.11"]
[SourceVersion "1"]
[SourceVersionDate "2020.06.30"]
[SourceQuality "1"]

1. e4 c5 2. Nf3 Nc6 3. d4 cxd4 4. Nxd4 g6 5. Nc3 Bg7 6. Be3 Nf6 7. Nxc6 bxc6 8.
e5 Ng8 9. f4 Nh6 10. Qd2 O-O 11. O-O-O f6 12. Bc4+ Kh8 13. exf6 Bxf6 14. Ne4
Bg7 15. Bd4 Nf5 16. Bxg7+ Nxg7 17. Ng5 d5 18. Bb3 Qd6 19. Rde1 a5 20. a4 h6 21.
Nf3 Ne6 22. f5 gxf5 23. Qxh6+ Kg8 24. Ne5 Rf6 25. Ng6 Kf7 26. Ne5+ Kg8 27. Ng6
Kf7 28. Qh7+ Ke8 29. Rhf1 Ra7 30. Ne5 Nf8 31. Qh5+ Ng6 32. g4 Kd8 33. g5 Nxe5
34. Qh8+ Kc7 35. gxf6 exf6 36. Rg1 Rb7 37. Rg8 Bd7 38. Ra8 Qe7 39. Kb1 f4 40.
Qf8 Kd6 41. Qxe7+ Kxe7 42. Rxa5 f3 43. Kc1 Bh3 44. Kd2 f2 45. Ra8 Kd6 46. a5
Nf3+ 0-1

[Event "15. Obert Internacional Pobla de Lillet"]
[Site "Pobla de Lillet ESP"]
[Date "2005.08.10"]
[Round "9.8"]
[White "Baron Rodriguez, Jesus"]
[Black "Pascual Genoves, Marc"]
[Result "1-0"]
[WhiteElo "2445"]
[BlackElo "2246"]
[PlyCount "59"]
[EventDate "2005.08.02"]
[EventType "swiss"]
[EventRounds "9"]
[EventCountry "ESP"]
[SourceTitle "Ajedrez en Madrid"]
[Source "lmi"]
[SourceDate "2005.08.11"]
[SourceVersion "1"]
[SourceVersionDate "2020.06.30"]
[SourceQuality "1"]

1. e4 g6 2. d4 Bg7 3. Nc3 d6 4. f4 a6 5. Nf3 b5 6. Bd3 Bb7 7. Be3 Nd7 8. e5 e6
9. a4 b4 10. Ne4 Qe7 11. a5 f5 12. Nf2 Nh6 13. O-O O-O 14. c3 dxe5 15. dxe5
bxc3 16. bxc3 Nc5 17. Bc4 Rfe8 18. Rb1 Rad8 19. Qe2 Bd5 20. Nd4 Nf7 21. Bxd5
Rxd5 22. c4 Rd7 23. Nc6 Qf8 24. h4 h6 25. g3 Kh7 26. Rfd1 Rxd1+ 27. Qxd1 g5 28.
Qd4 gxf4 29. gxf4 Qg8 30. Kh1 1-0

[Event "15. Obert Internacional Pobla de Lillet"]
[Site "Pobla de Lillet ESP"]
[Date "2005.08.10"]
[Round "9.9"]
[White "Bernal Moro, Luis Javier"]
[Black "Gallart Zafra, Jaume"]
[Result "1-0"]
[WhiteElo "2431"]
[BlackElo "2077"]
[PlyCount "31"]
[EventDate "2005.08.02"]
[EventType "swiss"]
[EventRounds "9"]
[EventCountry "ESP"]
[SourceTitle "Ajedrez en Madrid"]
[Source "lmi"]
[SourceDate "2005.08.11"]
[SourceVersion "1"]
[SourceVersionDate "2020.06.30"]
[SourceQuality "1"]

1. Nf3 Nf6 2. c4 b6 3. d4 Bb7 4. Nc3 e6 5. a3 Be7 6. d5 exd5 7. cxd5 a5 8. e4
d6 9. Bb5+ Nbd7 10. O-O O-O 11. Nd4 Nc5 12. f3 Re8 13. Bxe8 Qxe8 14. a4 Nfd7
15. Ncb5 Qd8 16. Ra3 1-0

[Event "15. Obert Internacional Pobla de Lillet"]
[Site "Pobla de Lillet ESP"]
[Date "2005.08.10"]
[Round "9.10"]
[White "Ayza Ballester, Jordi"]
[Black "Sandu, Mihaela"]
[Result "1-0"]
[WhiteElo "2300"]
[BlackElo "2159"]
[PlyCount "95"]
[EventDate "2005.08.02"]
[EventType "swiss"]
[EventRounds "9"]
[EventCountry "ESP"]
[SourceTitle "Ajedrez en Madrid"]
[Source "lmi"]
[SourceDate "2005.08.11"]
[SourceVersion "1"]
[SourceVersionDate "2020.06.30"]
[SourceQuality "1"]

1. e4 c5 2. Nf3 d6 3. d4 cxd4 4. Nxd4 Nf6 5. Nc3 a6 6. Bd3 e5 7. Nde2 b5 8. Bg5
Be7 9. Bxf6 Bxf6 10. Nd5 Bb7 11. c4 Bxd5 12. cxd5 Qa5+ 13. Nc3 O-O 14. O-O Nd7
15. a3 Rfe8 16. Na2 Qb6 17. Qe2 Qc7 18. Rfc1 Nc5 19. Rc3 Bg5 20. g3 Rec8 21. h4
Bh6 22. Nb4 g6 23. Nc6 Kg7 24. Kg2 Rf8 25. h5 Bg5 26. Rf1 h6 27. f4 Bf6 28.
fxe5 Bxe5 29. Nxe5 dxe5 30. Qf2 Qd6 31. Bc2 a5 32. Rf3 f6 33. hxg6 b4 34. axb4
axb4 35. Rh1 b3 36. Bb1 Ra7 37. Rxb3 Ra4 38. Qe3 Rh8 39. Rc3 Rd4 40. b4 Nd7 41.
Rc8 Qxb4 42. Rc7 Kxg6 43. Bd3 Qb6 44. Rc6 Qb2+ 45. Rc2 Qb3 46. Qf3 Qb6 47. Qf5+
Kg7 48. Qxd7+ 1-0

[Event "15. Obert Internacional Pobla de Lillet"]
[Site "Pobla de Lillet ESP"]
[Date "2005.08.10"]
[Round "9.11"]
[White "Bruned, Boris"]
[Black "Bautista Sanchez, Joan"]
[Result "1/2-1/2"]
[WhiteElo "2212"]
[BlackElo "2250"]
[PlyCount "67"]
[EventDate "2005.08.02"]
[EventType "swiss"]
[EventRounds "9"]
[EventCountry "ESP"]
[SourceTitle "Ajedrez en Madrid"]
[Source "lmi"]
[SourceDate "2005.08.11"]
[SourceVersion "1"]
[SourceVersionDate "2020.06.30"]
[SourceQuality "1"]

1. e4 c6 2. d4 d5 3. Nc3 dxe4 4. Nxe4 Nd7 5. Bc4 Ngf6 6. Ng5 e6 7. Qe2 Nb6 8.
Bb3 h6 9. N5f3 c5 10. Bf4 Nbd5 11. Be5 Qa5+ 12. Nd2 cxd4 13. Ngf3 Be7 14. Nxd4
O-O 15. O-O-O Rd8 16. N2f3 Bd7 17. Nf5 Bf8 18. c4 Qa6 19. Rhe1 Bb4 20. cxd5
Bxe1 21. Qxa6 bxa6 22. Nxh6+ gxh6 23. Bxf6 Rdc8+ 24. Kb1 Bxf2 25. Ne5 Rc7 26.
d6 Rb7 27. Nxd7 Rxd7 28. Ba4 Rad8 29. Bxd7 Rxd7 30. b4 Bb6 31. Rd3 Bd8 32. Bxd8
Rxd8 33. Kb2 Kf8 34. Kc3 1/2-1/2

[Event "15. Obert Internacional Pobla de Lillet"]
[Site "Pobla de Lillet ESP"]
[Date "2005.08.10"]
[Round "9.12"]
[White "Nogue Fajula, Joan"]
[Black "Arias Castañedo, Jacinto"]
[Result "1-0"]
[WhiteElo "2069"]
[BlackElo "2190"]
[PlyCount "161"]
[EventDate "2005.08.02"]
[EventType "swiss"]
[EventRounds "9"]
[EventCountry "ESP"]
[SourceTitle "Ajedrez en Madrid"]
[Source "lmi"]
[SourceDate "2005.08.11"]
[SourceVersion "1"]
[SourceVersionDate "2020.06.30"]
[SourceQuality "1"]

1. d4 Nf6 2. Nf3 d5 3. c4 e6 4. e3 Nbd7 5. Bd3 c6 6. Nc3 Bd6 7. O-O O-O 8. b3
e5 9. cxd5 cxd5 10. dxe5 Nxe5 11. Be2 Be6 12. Nb5 Bb8 13. Nxe5 Bxe5 14. Nd4 Qd6
15. f4 Bxd4 16. Qxd4 Qb6 17. Bb2 Qxd4 18. Bxd4 Ne4 19. Rfc1 Rfc8 20. Bd3 a6 21.
Bb6 Kf8 22. Bc7 f6 23. Rc2 Kf7 24. Rac1 Bd7 25. g3 Bc6 26. Bb6 Re8 27. g4 Re7
28. h4 g6 29. Kh2 Rg8 30. Bxa6 f5 31. g5 h6 32. Bd4 hxg5 33. hxg5 Ke6 34. Kg2
Rh7 35. Rh1 Rxh1 36. Kxh1 Nd6 37. Bd3 Nb5 38. Bxb5 Bxb5 39. Rc7 Bc6 40. Kg1 Kd6
41. Rh7 b5 42. a3 Ra8 43. Rg7 Be8 44. Bb2 Rc8 45. b4 Ke6 46. Bd4 Bf7 47. Rh7
Ra8 48. Bb2 Rc8 49. Kf1 Rc2 50. Be5 Rc8 51. Ke1 Ra8 52. Bb2 Rc8 53. Kd2 Ke7 54.
Kd3 Ke6 55. Bd4 Ra8 56. Bc5 Rxa3+ 57. Kd4 Ra8 58. Bb6 Rc8 59. Bc5 Ra8 60. Rh1
Bg8 61. Rh8 Rc8 62. Rh6 Bf7 63. Rh7 Ra8 64. Rh1 Bg8 65. Rh8 Rb8 66. Ba7 Rc8 67.
Rxg8 Rxg8 68. Kc5 Ra8 69. Bb6 Rb8 70. Kxb5 Kd6 71. Ka6 Kd7 72. b5 Kc8 73. Bd4
Rb7 74. b6 Rd7 75. Kb5 Kb7 76. Kc5 Rd8 77. Be5 Rd7 78. Bc7 Re7 79. Kxd5 Rxe3
80. Be5 Rd3+ 81. Bd4 1-0

[Event "15. Obert Internacional Pobla de Lillet"]
[Site "Pobla de Lillet ESP"]
[Date "2005.08.10"]
[Round "9.13"]
[White "Rodriguez Fontecha, Marcos"]
[Black "Diaz Lopez, Pedro"]
[Result "1-0"]
[WhiteElo "2179"]
[BlackElo "2040"]
[PlyCount "51"]
[EventDate "2005.08.02"]
[EventType "swiss"]
[EventRounds "9"]
[EventCountry "ESP"]
[SourceTitle "Ajedrez en Madrid"]
[Source "lmi"]
[SourceDate "2005.08.11"]
[SourceVersion "1"]
[SourceVersionDate "2020.06.30"]
[SourceQuality "1"]

1. e4 d5 2. Nc3 d4 3. Nce2 e5 4. Nf3 Bd6 5. c3 c5 6. Ng3 Ne7 7. Bc4 O-O 8. d3
Nbc6 9. a4 Bg4 10. O-O Qd7 11. Bd2 Kh8 12. h3 Bxf3 13. Qxf3 f5 14. exf5 Nxf5
15. Qg4 Rad8 16. Ne4 h6 17. h4 Nce7 18. Rae1 Ng8 19. Bg5 Be7 20. Nxc5 Bxc5 21.
Bxd8 Qxd8 22. Rxe5 Qc8 23. Be6 Qe8 24. Rfe1 Ne3 25. fxe3 dxe3 26. Rxc5 1-0

[Event "15. Obert Internacional Pobla de Lillet"]
[Site "Pobla de Lillet ESP"]
[Date "2005.08.10"]
[Round "9.14"]
[White "Fabre Massana, Miquel"]
[Black "Goldschmidt, Andreas"]
[Result "1-0"]
[WhiteElo "2136"]
[BlackElo "1900"]
[PlyCount "23"]
[EventDate "2005.08.02"]
[EventType "swiss"]
[EventRounds "9"]
[EventCountry "ESP"]
[SourceTitle "Ajedrez en Madrid"]
[Source "lmi"]
[SourceDate "2005.08.11"]
[SourceVersion "1"]
[SourceVersionDate "2020.06.30"]
[SourceQuality "1"]

1. e4 c6 2. d4 d5 3. Nd2 g6 4. f3 Bg7 5. Bd3 Nh6 6. Ne2 O-O 7. O-O dxe4 8. Nxe4
Bf5 9. N2g3 Nd7 10. Bxh6 Bxe4 11. Bxg7 Kxg7 12. Nxe4 1-0

[Event "15. Obert Internacional Pobla de Lillet"]
[Site "Pobla de Lillet ESP"]
[Date "2005.08.10"]
[Round "9.15"]
[White "Parayre Soguero, Jordi"]
[Black "Garcia Galeote, Lorenzo"]
[Result "0-1"]
[WhiteElo "1997"]
[BlackElo "2110"]
[PlyCount "48"]
[EventDate "2005.08.02"]
[EventType "swiss"]
[EventRounds "9"]
[EventCountry "ESP"]
[SourceTitle "Ajedrez en Madrid"]
[Source "lmi"]
[SourceDate "2005.08.11"]
[SourceVersion "1"]
[SourceVersionDate "2020.06.30"]
[SourceQuality "1"]

1. d4 Nc6 2. c4 e5 3. d5 Nce7 4. Nc3 Ng6 5. e4 Nf6 6. Bd3 Bc5 7. Nf3 d6 8. b4
Bb6 9. O-O Bg4 10. h3 Bd4 11. Bb2 Bh5 12. Qa4+ Nd7 13. Nxd4 exd4 14. Nb5 Nf4
15. Qc2 Ne5 16. Bxd4 Nexd3 17. Kh2 Bf3 18. g3 Qg5 19. Be3 Qh6 20. h4 g5 21.
Bxf4 Nxf4 22. Qd2 Qh5 23. Nd4 Qg4 24. Nxf3 Qh3+ 0-1